1156 1934 1753 1533 1096 1277 1299 1252 1428 1004 1318 1607 1593 1728 1346 1917 1018 1330 1218 1761 1087 1979 1382 1596 1219 1452 1110 1529 1686 1052 1498 1533 1820 1287 1727 1352 1086 1200 1562 1279 1395 1318 1789 1209 1103 1507 1231 1116 1904 1088 1451 1445 1771 1005 1441 1114 1015 1342 1279 1279 1814 1984 1827 1096 1504 1361 1625 1492 1451 1730 1783 1729 1275 1602 1623 1938 1668 1482 1021 1225 1763 1480 1392 1785 1471 1736 1357 1051 1536 1187 1536 1597 1045 1698 1658 1592 1509 1809 1043 BCNSPRNW ULIB Ver.6.0+V

เปลี่ยนเป็นภาษาไทย

Change to English
 แสดงรายละเอียดบรรณานุกรม
  กลับหน้าหลัก

Brief Record : Get Marc (ISO 2709) : E-mail record : QR code < ปิดหน้าต่าง
LEADER : 00000nam 2200000uu 4500
001    13399115260
003     ULIB
008    120809s2553||||th 000 0 tha d
020    ^a9786167388014
060  4 ^aWG300^bศ371
100 0  ^aปรีชา เอื้อโรจนอังกูร
245 10 ^aศาสตร์และศิลป์ในการรักษาโรคหัวใจขาดเลือด /^cบรรณาธิการ, ปรีชา เอื้อโรจนอังกูร
246 21 ^aศาสตร์และศิลป์ในการรักษาโรคหัวใจขาดเลือด :^bการอบรมระยะสั้นอายุรศาสตร์หัวใจ ครั้งที่ 2
250    ^aพิมพ์ครั้งที่ 1
260    ^aกรุงเทพฯ :^bหน่วยโรคหัวใจ กองอายุรกรรมโรงพยาบาลพระมงกุฎเกล้า,^c2553
300    ^a149 หน้า :^bภาพประกอบ
500    ^aชื่อเรื่องจากปกนอก
650  7 ^aหลอดเลือดโคโรนารีย์^xโรค^xการรักษา
650  7 ^aหัวใจ^xโรค^xการรักษา
650  7 ^aหลอดเลือดหัวใจ, โรค^xการรักษา
710 2  ^aโรงพยาบาลพระมงกุฎเกล้า.^bกองอายุรกรรม.^bหน่วยโรคหัวใจ
945    ^p600^l0^i19175
945    ^p600^l0^i19738
995    ^aทศพร
999 ^a ใช้งานได้ทุกระบบ
รายการนี้ยังไม่มีแท็ก
คุณยังไม่ได้ล็อกอิน คุณสามารถมีกิจกรรมร่วมกับเว็บไซต์ได้ แต่ต้องล็อกอินก่อน ::
  ล็อกอิน

รายการสื่อสารสนเทศ

ลำดับที่ ประเภท เลขเรียก/บาร์โค้ด สถานที่ สถานะ
1. วิทยาศาสตร์การแพทย์ และสุขภาพ
วิทยาศาสตร์การแพทย์ และสุขภาพ
สถานะ=หนังสือเก่า
WG300 ศ371 ฉ.1 
  Barcode: 19175
ห้องสมุดวิทยาเขตนครสวรรค์
►ส่วนจัดเก็บหนังสือเก่า นว.
บนชั้น
  ขอยืม
2. วิทยาศาสตร์การแพทย์ และสุขภาพ
วิทยาศาสตร์การแพทย์ และสุขภาพ
สถานะ=หนังสือเก่า
WG300 ศ371 ฉ.2 
  Barcode: 19738
ห้องสมุดวิทยาเขตนครสวรรค์
►ส่วนจัดเก็บหนังสือเก่า นว.
บนชั้น
  ขอยืม

รายการใกล้เคียง
    ผู้แต่ง [ปรีชา เอื้อโรจนอังกูร]

BibComment


ยังไม่เคยถูกคอมเมนท์

คอมเมนท์ทรัพยากรรายการนี้
  คอมเมนท์: ศาสตร์และศิลป์ใน..


 Copyright 2026. Bcnsprnw @Library